000 01614nam a2200361 a 4500
003 CO-PeBPR
005 20260430151714.0
008 260415e2024 ck a|||| n||| 00| 0 spa c
020 _a9786280159553
040 0 _aCO-PeBPR
_bspa
_cCO-PeBPR
_erda
041 0 _hspa
082 0 4 _a(i) 898.323 T613h
100 1 _aTisoy Tandioy, Muskuy Muyury
_eautor
245 1 0 _aHistorias cortas en inga y kichwa para niñas y niños
_b: Uchulla parlu uchullakunamanda = ñawpa rimaykuna wawakunapak
_c/ Vanessa Tisoy Tandioy, Sandra Tisoy Tandioy, Muskuy Tisoy Tandioy ; ilustraciones de Jeisson Castillo ; traducción de Juan Camilo Ruíz Erazo, Asunción Agreda, Esperanza Tandioy Tisoy
250 _aEdición especial
264 1 _aBogotá, Colombia
_b: Ofrenda
_c, 2024
300 _a38 páginas
_b: ilustraciones a color
_c; 23 centímetros
336 _atexto
_btxt
_crdacontenido
337 _asin mediación
_bn
_2rdamedio
338 _avolumen
_bnc
_2rdasoporte
490 _aPlan Nacional de Lectura, Escritura y Oralidad / Ministerio de Cultura , Las Artes y los Saberes.
521 _aRecomendado para jóvenes y adultos.
650 1 4 _2LEMB
_aCuentos indígenas colombianos
650 1 4 _2LEMB
_aLibros ilustrados para niños
650 1 4 _2LEMB
_aLiteratura indígena colombiana
650 1 4 _2LEMB
_aIdentidad cultural en la literatura
650 1 4 _2LEMB
_aMemoria colectiva en la literatura
700 1 _acastillo, Jeisson David
_eilustrador
700 1 _aRuiz Erazo, Juan Camilo
_etraductor
700 1 _aAgreda, Asunción
_etraductor
700 1 _aTandioy Tisoy, Esperanza
_etraductora
942 _2ddc
_cBKINF
999 _c17829
_d17829